000 00430nam a2200169Ia 4500
008 230917s9999||||xx |||||||||||||| ||und||
020 _cRS650
040 _e224017
_aMAIN
041 _aEnglish
082 _a005.133 G875H
100 _aGriffiths, David
245 0 _aHead first C
260 _aBeijing
_bO'Reilly
_c2013
300 _axxxviii, 591 p.
500 _a1932 05/02/2015 HBD 6324 26/02/2015 Main Budget
942 _cBK
999 _c14460
_d14460